Osnovnye zakony dialektiki : (nauchno-publit︠s︡isticheskiĭ ocherk, iz t︠s︡ikla "Problemy teorii materialisticheskoĭ dialektiki") /
Saved in:
| Main Author: | |
|---|---|
| Format: | Book |
| Language: | Russian |
| Published: |
Moskva :
Izd-vo "Znanie",
1981.
|
| Series: | Novoe v zhizni, nauke, tekhnike. Filosofii︠a︡ ;
10. |
| Subjects: | |
| Tags: |
Add Tag
No Tags, Be the first to tag this record!
|
| LEADER | 00935nam a2200241Ia 4500 | ||
|---|---|---|---|
| 001 | 006291663-7 | ||
| 005 | 20020606163548.3 | ||
| 008 | 821207s1981 ru b 000 0 rusod | ||
| 020 | |c 0.11rub | ||
| 035 | 0 | |a ocm09029700 | |
| 040 | |a IUL |c IUL |d HLS | ||
| 050 | 4 | |a B7 |b .N94 1981, no.10 | |
| 090 | |a B7 |b .N94 1981, no.10 | ||
| 100 | 1 | |a Pernat︠s︡kiĭ, V. I. |q (Viktor Ivanovich) | |
| 245 | 1 | 0 | |a Osnovnye zakony dialektiki : |b (nauchno-publit︠s︡isticheskiĭ ocherk, iz t︠s︡ikla "Problemy teorii materialisticheskoĭ dialektiki") / |c V.I. Pernat︠s︡kiĭ. |
| 260 | |a Moskva : |b Izd-vo "Znanie", |c 1981. | ||
| 300 | |a 63 p. ; |c 17 cm. | ||
| 490 | 1 | |a Novoe v zhizni, nauke, tekhnike. II Serii︠a︡, Filosofii︠a︡ ; |v 10 | |
| 504 | |a Includes bibliographical references. | ||
| 650 | 0 | |a Dialectical materialism. | |
| 830 | 0 | |a Novoe v zhizni, nauke, tekhnike. |n II Serii︠a︡, |p Filosofii︠a︡ ; |v 10. | |
| 988 | |a 20020608 | ||
| 906 | |0 OCLC | ||


